Loading...
Mastering visual FoxPro 3 /
| Main Author: | |
|---|---|
| Format: | Printed Book |
| Language: | English |
| Published: |
New Delhi :
BPB Publications,
1995.
|
| Edition: | 3rd. ed. |
| LEADER | 00566nam a2200169Ia 4500 | ||
|---|---|---|---|
| 008 | 150624b xxu||||| |||| 00| 0 eng d | ||
| 020 | |a 8170296285 | ||
| 020 | |a 8170296285 | ||
| 082 | |a 005.7525FOXPRO, | ||
| 100 | |a Siegel, Charles | ||
| 245 | |a Mastering visual FoxPro 3 / |c Charles Siegel | ||
| 250 | |a 3rd. ed. | ||
| 260 | |a New Delhi : |b BPB Publications, |c 1995. | ||
| 300 | |a 1089 p. | ||
| 942 | |c REF | ||
| 999 | |c 47617 |d 47617 | ||
| 952 | |0 0 |1 0 |2 ddc |4 0 |6 005_000000000000000_7525FOXPRO_SIE_M |7 0 |9 47597 |a UL |b UL |c Ref2 |d 1998-09-01 |l 0 |o 005.7525FOXPRO SIE/M |p 69654 |r 2012-10-27 |y REF |k 294 | ||